000
00329nam a22001337a 4500
005
20160401052548.0
008
140312b xxu||||| |||| 00| 0 eng d
020
_a
9780072263725
020
_a
0072263725
041
_a
eng
080
_a
004.42
245
1
0
_a
Microsoft office Excel 2007/
_c
John Cronan;
942
_2
udc
_c
BK
999
_c
416
_d
416